| 000 | 00614nam a2200181 4500 | ||
|---|---|---|---|
| 008 | 020909s1907 -ge ger | ||
| 090 | 0 |
_aBS239 _bB47l _b1907 |
|
| 110 | 2 | _aBible. German. Luther. 1967 | |
| 245 | 1 | 0 |
_aDie Bibel oder die ganze Heilege Schrift des Ulten and Neuen Testaments nach der deutschen Übersebung Martin Luther / _c. |
| 260 |
_aBoston, Ma : _bMassachussetts Bible Society, _cc1967. |
||
| 300 |
_a1128 p. ; _c20 cm |
||
| 336 | _atext | ||
| 337 | _aunmediated | ||
| 338 | _avolume | ||
| 500 | _aOn cover page : Die Hielige Schrift. | ||
| 650 | 4 |
_aBible. German _xVersion. |
|
| 942 |
_2lcc _cBK |
||
| 999 |
_c50120 _d50120 |
||